Sunderbans Problems and Prospects (Record no. 47767)
[ view plain ]
| 000 -LEADER | |
|---|---|
| fixed length control field | 003380000a22001450004500 |
| 003 - CONTROL NUMBER IDENTIFIER | |
| control field | MACL |
| 040 ## - CATALOGING SOURCE | |
| Original cataloging agency | MACL |
| 090 ## - LOCALLY ASSIGNED LC-TYPE CALL NUMBER (OCLC); LOCAL CALL NUMBER (RLIN) | |
| -- | 48277 |
| -- | 48275 |
| 100 ## - MAIN ENTRY--PERSONAL NAME | |
| Personal name | Kar,Samit |
| 245 ## - TITLE STATEMENT | |
| Title | Sunderbans Problems and Prospects |
| 260 ## - PUBLICATION, DISTRIBUTION, ETC. (IMPRINT) | |
| Place of publication, distribution, etc. | New Delhi |
| Name of publisher, distributor, etc. | Directed Initlative |
| Date of publication, distribution, etc. | 2009 |
| 350 ## - PRICE (NR) (BK AM CF MU VM SE) [OBSOLETE] | |
| Price | 125 |
| 650 ## - SUBJECT ADDED ENTRY--TOPICAL TERM | |
| Topical term or geographic name as entry element | Environment |
| Source of heading or term | Environment |
| 942 ## - ADDED ENTRY ELEMENTS (KOHA) | |
| Koha item type | Library Membar |
| Call number prefix | 333 |
| Withdrawn status | Lost status | Source of classification or shelving scheme | Damaged status | Not for loan | Home library | Current library | Date acquired | Cost, normal purchase price | Full call number | Barcode | Date last seen | Uniform Resource Identifier | Price effective from | Koha item type |
|---|---|---|---|---|---|---|---|---|---|---|---|---|---|---|
| MACL | MACL | 15/04/2015 | 125.00 | 333/KAT | CRE026813 | 02/05/2024 | 48634 | 15/04/2015 | Books |









